|
|
|
แสดงรายละเอียดบรรณานุกรม |
|
|
Brief Record
: Get Marc (ISO 2709)
: E-mail record
: |
| LEADER : 00000nam 2200000uu 4500 | |||
| 001 13399129183 | |||
| 003 ULIB | |||
| 008 260422s2568||||th 000 0 tha d | |||
| 020 ^a9786164439979^c650 บาท | |||
| 060 4 ^aWB115^bน392อ | |||
| 100 0 ^aนัฐพล ฤทธิ์ทยมัย, จุลจักร ลิ่มศรีวิไล, กฤติยา กอไพศาล, มงคล สมพรรัตนพันธ์ และกรชนก วารีแสงทิพย์ | |||
| 245 0 ^aอายุรศาสตร์ทันยุค 2568 =^bUpdate in internal medicine 2025 /^cบรรณาธิการ, นัฐพล ฤทธิ์ทยมัย, จุลจักร ลิ่มศรีวิไล, กฤติยา กอไพศาล, มงคล สมพรรัตนพันธ์, กรชนก วารีแสงทิพย์ | |||
| 246 3 ^aUpdate in internal medicine 2025. | |||
| 250 ^aพิมพ์ครั้งที่ 1. | |||
| 260 ^aกรุงเทพฯ : ^bภาควิชาอายุรศาสตร์ คณะแพทยศาสตร์ศิริราชพยาบาล มหาวิทยาลัยมหิดล,^c2565. | |||
| 260 ^aกรุงเทพฯ :^bภาควิชาอายุรศาสตร์ คณะแพทยศาสตร์ศิริราชพยาบาล มหาวิทยาลัยมหิดล,^c2568. | |||
| 300 ^axi, 493 หน้า :^bภาพประกอบ ;^c26 ซม | |||
| 505 0 ^aการดูแลผู้ป่วยที่เข้ารับการผ่าตัด : การป้องกันและจัดการภาวะซึมสับสนเฉียบพลัน -- การดูแลระยะกลางสำหรับผู้สูงอายุเปราะบางที่พื้นตัวจากความเจ็บป่วย -- ประเด็นทางสุขภาพที่น่าสนใจในกลุ่มบุคคลผู้มีความหลากหลายทางเพศ -- การดูแลรักษาแบบครอบคลุมในผู้ป่วยโรคมะเร็งระยะสุดท้าย -- กลยุทธ์การคัดกรอง ป้องกันเบาหวาน และภาวะก่อนเบาหวาน -- ความรู้พื้นฐานโรคหัวใจในผู้ป่วยมะเร็ง -- การตรวจคัดกรองสุขภาพในผู้ใหญ่ -- การรักษาภาวะแกรกช้อนทางโลหิตวิทยาแบบองค์รวนในโรคเอสแอลอี -- การวินิจฉัยและดูแลรักษาดับแข็งและภาวะแทรกช้อน -- การบำบัดทางหน่วยพันธุกรรมสำหรับโรคทางเส้นประสาทและกล้ามเนื้อที่เกิดจากภารถ่ายทอดทางพันธุกรรม -- กลุ่มโรค Monoclonal gammopathy of clinical significance -- การวินิจฉัยและรักษานิ่วไต -- โรคไตอักเสบลูปัส -- ภาวะต่อมพาราไทรอยด์สังเคราะห์ฮอร์ไมนเพิ่มขึ้นแบบปฐมภูมิ -- โรคสครัปไทฟัสและโรคมิวรีนไทฟัสในประเทศไทย -- การรักษาด้วยฮอร์โมนสำหรับบุคคลข้ามเพศ -- โรคหลอดเลือดแดงใหญ่ฉีกเซาะ -- ภาวะพิษจากไซยาไนด์ -- แนวทางการวินิจฉัยผู้ป่วยที่มีอาการกลืนลำบาก -- ประเด็นสำคัญเกี่ยวกับโรคระบบการหายใจที่มีสาเหตุจากโรคแพ้ภูมิตัวเอง -- โรคเกาต์ : ประเด็นสำคัญที่อายุรแพทย์ควรทราบ -- ตัวชี้วัดชีวภาพของภาวะสมองเลื่อมจากโรคอัลชไฮเมอร์ -- ภาวะน้ำตาลในเลือดสูงวิกฤตในผู้ป่วยเบาหวาน -- การรักษาด้วยการปลูกถ่ายเซลล์ต้นกำเนิดเม็ดเลือด -- ภาวะท้องเสียเฉียบพลัน -- การรักษามะเร็งโดยใช้ภูมิคุ้มกันบำบัด -- โรคลูปัส : การประเมินและดูแลรักษาแบบองค์รวม | |||
| 610 0 ^aพยาบาลศาสตร์. | |||
| 650 2 ^aInternal medicine. | |||
| 650 2 ^aMedicine | |||
| 650 4 ^aการประกอบวิชาชีพเวชกรรม. | |||
| 650 4 ^aอายุรศาสตร์. | |||
| 650 4 ^aอายุรศาสตร์^vรวมเรื่อง | |||
| 650 7 ^aการรักษาโรค | |||
| 650 7 ^aการวินิจฉัยโรค | |||
| 650 7 ^aอายุรศาสตร์^xรวมเรื่อง | |||
| 655 4 ^aHealth Sciences Branch. | |||
| 700 0 ^aกรชนก วารีแสงทิพย์^eบรรณาธิการร่วม | |||
| 700 0 ^aกฤติยา กอไพศาล^eบรรณาธิการร่วม | |||
| 700 0 ^aจุลจักร ลิ่มศรีวิไล^eบรรณาธิการร่วม | |||
| 700 0 ^aนัฐพล ฤทธิ์ทยมัย^eบรรณาธิการ | |||
| 700 0 ^aมงคล สมพรรัตนพันธ์^eบรรณาธิการร่วม | |||
| 710 2 ^aมหาวิทยาลัยมหิดล.^bคณะแพทยศาสตร์ศิริราชพยาบาล | |||
| 710 2 ^aมหาวิทยาลัยมหิดล.^bภาควิชาอายุรศาสตร์ | |||
| 999 ^aประนอม เกษจรัล | |||
| คุณยังไม่ได้ล็อกอิน คุณสามารถมีกิจกรรมร่วมกับเว็บไซต์ได้ แต่ต้องล็อกอินก่อน :: |
|
รายการสื่อสารสนเทศ |
| สถานะ | |||||
| 1. | หนังสือสำรอง สถานะ=หนังสือสำรอง | WB115 น392อ ฉ.1 Barcode: 012055 | ►หนังสือทั่วไป | บนชั้น | |
| 2. | วิทยาศาสตร์การแพทย์ และสุขภาพ | WB115 น392อ ฉ.2 Barcode: 012057 | ►หนังสือทั่วไป | บนชั้น | |
| 3. | วิทยาศาสตร์การแพทย์ และสุขภาพ | WB115 น392อ ฉ.3 Barcode: 012058 | ►หนังสือทั่วไป | บนชั้น | |
| 4. | วิทยาศาสตร์การแพทย์ และสุขภาพ | WB115 น392อ ฉ.4 Barcode: 012059 | ►หนังสือทั่วไป | บนชั้น | |
| 5. | วิทยาศาสตร์การแพทย์ และสุขภาพ | WB115 น392อ ฉ.5 Barcode: 012060 | ►หนังสือทั่วไป | บนชั้น | |
BibComment |
| คอมเมนท์ทรัพยากรรายการนี้ |
|
| |
Copyright 2026. Bcnsprnw @Library |
|